00550nam a2200169Ia 4500008004100000020001500041041000800056082001800064100001700082245004700099250000600146260004300152300001400195650001400209999001900223952013800242210716s2007 xx 000 0 und d a8126511419 aeng a005.3622 MUIN aMuir, Nancy. aMicrosoft office project 2007 for dummies. a1 aNew DelhibWiley Publishing Inc.c2007 axviii,388 aMS Office c188057d188057 001040708MCAaAIMITbAIMITeHigginbothams Pvt Ltdg249.00l0o005.3622 MUINpMCA07565r2026-05-23 00:00:00v186.75w2021-07-16yBK